Haikyu Quiz Trivia #4 (Impossible Gauntlet) - Statistics

General Stats
  • This quiz has been taken 20 times
  • The average score is 6 of 15
Answer Stats
Hint Answer % Correct
Impossible: Where is Fukurodani located? Tokyo
94%
Impossible: How many seats are in Saeko Tanaka's car? Four Seats
88%
Impossible: Who is the shortest in Karasuno? Hitoka Yachi
88%
Impossible: What number is Kiyoomi Sakusa when he is in MSBY? #15
76%
Hard: Who made Haikyu? Haruichi Furudate
65%
Impossible: What do some members of Karasuno mistake a cell tower as when they arrive at Tokyo? Skytree
53%
Super Hard: What was written on the shirt that Hinata bought at Nationals? The Way of the Ace
47%
Impossible: What kind of phone did Hinata have? Flip-phone
41%
Impossible:What does Karasuno's jacket with a foot and the letters ICS translate to? ASICS
24%
Impossible: What was the name of the last episode of season 3? A Battle of Concepts
18%
Super Hard: Who is Karasuno's first game against in the Spring Tournament? Ohgiminami
12%
Impossible: What event was the fourth season of Haikyu announced at? Jump Festa '19
6%
Impossible: If the radius of a Mikasa ball was 5.7 inches, what is the circumference in nautical miles? (To the nearest billionth) 0.000491188
0%
Impossible: How many cm taller did Hinata get to be 164.2 cm since the last time measured? 1.4 cm
0%
Godly: In Haikyu Quiz Trivia #2, use letter to number translations to covert the answer to the last question into numbers. (Ex. 1,2,3 4,5,6,7,8) 19,5,14,4,1,9 6,18,15,7,19
0%
No matching quizzes found
Score Distribution
Percent of People with Each Score
Percentile by Number Answered
Your Score History
You have not taken this quiz